• 首页
  • 本馆介绍
  • 公告通知
  • 最新文献
  • 馆藏检索
  • 电子资源
  • 读者导购
  • 参考咨询
  • 我的图书馆
  • 登录
  • 详细信息显示
  • 放入我的书架
  • 预约/预借图书
  • 作者相关作品
  • 分类相关作品
  • 丛书相关作品
  • 出版社相关作品

书目信息

  • 表格格式
  • 工作单格式
  • 卡片格式
题名:
扬鞭催马
    
 
作者: 韩育才 , 李素琴 编
分册:  
出版信息: 北京   人民音乐出版社  2010.11
页数: 178页
开本: 29cm
丛书名: 名师
单 册:
中图分类: J648.11
科图分类:
主题词: 笛子--器乐曲--作品集--中国 , 笛子 , 器乐曲
电子资源:
ISBN: 978-7-103-03990-8
000 01038oam2 2200313 450
001 010000003108
005 20120321104342.62
010    @a978-7-103-03990-8@dCNY80.00(含光盘)
100    @a20110429d2010 em y0chiy50 ea
101 0  @achi
102    @aCN@b110000
105    @ag z 000yy
106    @ar
200 1  @a扬鞭催马@9yang bian cui ma@e魏显忠笛曲精选@f韩育才,李素琴编
210    @a北京@c人民音乐出版社@d2010.11
215    @a178页@d29cm@e2光盘
225 2  @a名师
307    @a附光盘:ISRC CN-M26-10-366-01 ISRC CN-M26-10-366-02
330    @a本书收录的笛曲有:扬鞭催马运粮忙(总谱);扬鞭催马运粮忙(旋律谱);春绿吕梁(总谱);春绿吕梁(旋律谱);家乡好(总谱);家乡好(旋律谱)等。
461  0 @12001 @a名师
517 1  @a魏显忠笛曲精选@9wei xian zhong di qu jing xuan
606 0  @a笛子@x器乐曲@x作品集@y中国
606 0  @a笛子
606 0  @a器乐曲
690    @aJ648.11@v4
701  0 @a韩育才@9han yu cai@4编
701  0 @a李素琴@9li su qin@4编
801  0 @aCN@bRENTIAN@c20110429
905    @b538936-42@dJ648.11@e164@f7
    
    扬鞭催马:魏显忠笛曲精选/韩育才,李素琴编.-北京:人民音乐出版社,2010.11
    178页;29cm+2光盘.-(名师)
    
    
    ISBN 978-7-103-03990-8:CNY80.00(含光盘)
    本书收录的笛曲有:扬鞭催马运粮忙(总谱);扬鞭催马运粮忙(旋律谱);春绿吕梁(总谱);春绿吕梁(旋律谱);家乡好(总谱);家乡好(旋律谱)等。
●
相关链接 在E读中查询图书 在五车中查询图书 在当当中查询图书 在豆瓣中查询图书


正题名:扬鞭催马     索取号:J648.11/164         预约/预借

序号 登录号 条形码 馆藏地/架位号 状态 备注
1 538936   205389364   第一样本阅览室/ [索取号:J648.11/164] 在馆    
2 538937   205389373   第一借阅区/ [索取号:J648.11/164] 在馆    
3 538938   205389382   第一借阅区/ [索取号:J648.11/164] 在馆    
4 538939   205389391   第一借阅区/ [索取号:J648.11/164] 在馆    
5 538940   205389408   第一借阅区/ [索取号:J648.11/164] 在馆    
6 538941   205389417   第一借阅区/ [索取号:J648.11/164] 在馆    
7 538942   205389426   第一借阅区/ [索取号:J648.11/164] 在馆    
唐山师范学院图书馆 欢迎您!
大连网信软件有限公司© 版权所有